Normal view
MARC view
- الاسلام - فقة
Entry Topical Term
001 - CONTROL NUMBER
- control field: 36496
003 - CONTROL NUMBER IDENTIFIER
- control field: JO-AjAnu
005 - DATE AND TIME OF LATEST TRANSACTION
- control field: 20230606080108.0
008 - FIXED-LENGTH DATA ELEMENTS
- fixed length control field: 230606|| aca||aabn | a|a d
040 ## - CATALOGING SOURCE
- Original cataloging agency: JO-AjAnu
- Transcribing agency: JO-AjAnu
150 ## - HEADING--TOPICAL TERM
- Topical term or geographic name entry element: الاسلام - فقة
670 ## - SOURCE DATA FOUND
- Source citation: Work cat.: (JO-AjAnu)18736: تاليف العلفي، أحمد بن إسماعيل القرشي, author 36495, المختصر المفيد فيما لا يجوز الإخلال به لكل مكلف من العبيد